| 000 | 00846nas a2200277 4500 | ||
|---|---|---|---|
| 001 | BR9701933 | ||
| 003 | BR-BrBNA | ||
| 005 | 20231205100137.0 | ||
| 007 | ta | ||
| 008 | 230509b bl.|||p| |||| 00| 00por d | ||
| 040 |
_aBR-BrBNA _bpor _cBiblioteca Nacional de Agricultura |
||
| 041 | _a(Pt) | ||
| 072 | _aL74 | ||
| 100 | 1 | _aKommers, G.D. | |
| 100 | 1 | _aTorres, M.B. | |
| 100 | 1 | _aDantas, A.F. | |
| 100 | 1 | _aBarros, C.S.L. | |
| 245 | 1 | _aIntoxicacao experimental por Amaranthus spp. (Amaranthaceae)em suinos no Rio Grande do Sul | |
| 650 | _aSUÍNO | ||
| 650 | _aPlanta Toxica | ||
| 650 | _aIntoxicacao Animal | ||
| 650 | _aRio Grande do Sul | ||
| 773 | 0 |
_tPesquisa Veterinaria Brasileira (Brazil) _xISSN 0100-736X _g(Oct-Dec 1996), v. 16(4) p. 121-125 _wBR9701933 |
|
| 909 |
_a202311 _bLúcia _c55 _dLúcia Elande |
||
| 942 |
_2AGRIS _n0 _cANA |
||
| 999 |
_c154480 _d154480 |
||